| 000 | 00708cam a22002531 4500 | ||
|---|---|---|---|
| 999 |
_c8694 _d8694 |
||
| 001 | 8694 | ||
| 003 | BD-JhCC | ||
| 005 | 20180529103335.0 | ||
| 008 | 720524s1934 enk 000 0 eng | ||
| 035 | _a(BD-JhCC)8694 | ||
| 035 | _aBD-JhCC | ||
| 040 |
_aDLC _cODaWU _dOCoLC _dNGvP _dDLC _dBD-JhCC |
||
| 041 | _aeng | ||
| 050 | 0 | 0 |
_aPE1075 _b.G7 |
| 082 |
_bGRO 1934 _a420.9 |
||
| 100 | 1 |
_aGroom, Bernard, _d1892- |
|
| 245 | 1 | 2 |
_aA short history of English words / _cby Bernard Groom. |
| 260 |
_aLondon, _bMacmillan and co., limited, _c1934. |
||
| 300 |
_avi, [2], 221, [1] p. _c19 cm. |
||
| 650 | 0 |
_aEnglish language _xHistory. |
|
| 650 | 0 |
_aEnglish language _xEtymology. |
|
| 942 |
_2ddc _cBK |
||